IIT Foundation Mathematics/ (Record no. 209108)

MARC details
000 -LEADER
fixed length control field 00609nam a22001817a 4500
005 - DATE AND TIME OF LATEST TRANSACTION
control field 20250225160004.0
010 ## - LCCN (DPL NO)
LC control number ENG-143825
020 ## - INTERNATIONAL STANDARD BOOK NUMBER
Terms of availability 810.00
International Standard Book Number 9789361598616
035 ## - SYSTEM CONTROL NUMBER
System control number EN-127357
037 ## - SOURCE OF ACQUISITION
Source of stock number/acquisition DBAD
082 ## - DEWEY DECIMAL CLASSIFICATION NUMBER
Classification number 500
100 ## - MAIN ENTRY--PERSONAL NAME
Personal name Walpole Ronalad E.
245 ## - TITLE STATEMENT
Title IIT Foundation Mathematics/
Remainder of title By Ronald E. Walpole
260 ## - PUBLICATION, DISTRIBUTION, ETC. (IMPRINT)
Place of publication, distribution, etc Uttar Pradesh
Name of publisher, distributor, etc 1st Floor,Beger Tower , plot No. C-001A/2, Sector 16B, Noida
Date of publication, distribution, etc 2025
270 ## - ADDRESS
Address 1st Floor, Beger Tower , plot No. C-001A/2, Sector 16B, Noida
City Noida
Postal code 201301
300 ## - PHYSICAL DESCRIPTION
Extent 20.24pg.
Dimensions 28cm(bk)
942 ## - ADDED ENTRY ELEMENTS (KOHA)
Source of classification or shelving scheme Dewey Decimal Classification
Item type English Books
Classification part 500
Call number suffix WAL
Holdings
Withdrawn status Lost status Not for loan Collection code Home library Current library Date acquired Source of acquisition Cost, normal purchase price Full call number Barcode Copy number Cost, replacement price Koha item type
      Non-fiction Central Library Central Library 17/02/2025 DBAD 810.00 500 WAL EN-127357 1 810.00 English Books

© Delhi Public Library
Hit Counter
free hit counter